000 00279nam a22001337a 4500
008 180119b xxu||||| |||| 00| 0 eng d
020 _a9781603592178
041 _aeng
080 _a610
100 _a4
101 _aSHM
245 _aCPT 2011
_cAbraham, M.A
942 _2udc
_cBK
999 _c40569
_d40569